000 00601nam a22001817a 4500
999 _c188164
_d188164
005 20220511151509.0
010 _aENG-132594
020 _a9789384566098
_c300.00
035 _aEN-116126
037 _bDBAD/PUB
082 _a921
100 _aKothari, Namrata
245 _aMan And Nation:
_bMonograph Series No.3/
_cNamrata Kothari
260 _bSecretary Institute Of Social And Cultural Studies
_c2018
_aKolkata
270 _a484/2, Dr. Suresh Sarkar Road
_bKolkata
_e700014
_k033-65339003
_miccskol@gmail.com
300 _a194p
_c20cm(pbk)
_bIndex
942 _2ddc
_cEN
_mKOT
_h921